01550nam a2200373 a 4500001001000000003000500010005001700015008004100032010001100073011001100084040000900095090001000104100004600114245012700160260004100287500006000328502007000388590004100458590004100499590004100540590003900581590003900620650002400659650003500683650003200718650003800750856007000788901000700858942001000865942000600875999001900881952013600900952014001036000108809CHAP20220329144025.0140313s2013 mx a |sm |||||||spa|d a105271 a106243 cCHAP aTesis00aRamírez Sepúlveda, Marco Favio99427210aBiochemical integration of metabolics process in bioactive compoundsh[En línea]cpor Marco Favio Ramírez Sepúlveda. aChapingo, Méx. :bEl autor,c2013. aPara ver el contenido del material haga clic en la liga aTesis (Ph.D. en Educación) -- Atlantic International University aBATCH-UPDb10c20140324lUCH01h1536 aBATCH-UPDb10c20141002lUCH01h0857 aE11695DGDb10c20140318lUCH01h1041 aE792CSJb05c20140313lUCH01h1031 aE792CSJb05c20140313lUCH01h103214aAcido fólico958314aAlimentosxBioquímica.9417314aAlimentosxToxicidad.9429514aAlimentosxValor nutritivo.94298 aFinding aiduhttp://10.13.5.2/tesis/sist108809.pdfzTeclea aquí aBK cTESIS n0 c105271d105271 00104054718TESISaBCbBCd2014-03-13fTESISl0oTesisp33724002389132r2019-12-31 00:00:00w2019-12-31yTESISzRecien adquirido 00102local4053708TESISaBCbBCcPA_TESISd2014-03-17fTESISl0oTesisp33724002389173r2019-12-31 00:00:00tc.2w2019-12-31yTESIS